90-E JAHRE - WIEDERBELEBUNG DER DEUTSCHEN SPRACHE DEUTSCHLEHRERAUSBILDUNG UND NEUE PROGRAMME AN DEN TECHNISCHEN UNIVERSITÄTEN

Bibliographic Details
Main Author: Ondrejkovičová, Daniela (Author)
Format: Article
Language:German
ISBN:8022711365
Subjects:

MARC

LEADER 00000naa a2200000 a 4500
001 vtls011853761
003 SK-MaSNL
005 20260302132953.0
008 210910|1998 xo |||||||||||||||||ger|
015 |a SNBCL 
035 |a (urnnbn)urn:nbn:sk:snk:ar-a0ayfd 
035 |a urn:nbn:sk:snk-aaw84v 
035 |a (uuid)971cb52d-52a9-41d6-8333-2ae69ac5e333 
040 |a SNKBUCL  |b slo  |c SNKBUCL  |e AACR2 
041 |a ger 
044 |a xo  |c SK 
100 1 |a Ondrejkovičová, Daniela  |4 aut  |9 819004 
245 1 0 |a 90-E JAHRE - WIEDERBELEBUNG DER DEUTSCHEN SPRACHE DEUTSCHLEHRERAUSBILDUNG UND NEUE PROGRAMME AN DEN TECHNISCHEN UNIVERSITÄTEN  |c Daniela Ondrejkovičová 
246 3 |a THE 90s - THE REVIVAL OF THE GERMAN LANGUAGE 
336 |a text  |b txt  |c rdacontent 
337 |a bez média  |b n  |c rdamedia 
338 |a zväzok  |b nc  |c rdacarrier 
655 7 |a články zo zborníkov  |2 snkbucl  |9 166140 
773 0 |t 60. výročie Stavebnej fakulty STU v Bratislave  |d Bratislava : [Slovenská technická univerzita], 1998  |g S. 99-101  |z 8022711365 
958 |a OND 
958 |a article26 
958 |a chapter 
999 |c 1314813  |d 1316743